Pays dont la capitale commence par H/I/J - Mort Subite - Statistiques

Statistiques générales
  • Ce quiz a été pris 158 fois
  • Le résultat moyen est 5 sur 7
Answers on the Grid
Answers color-coded by a green-red scale on the quiz's grid according to % correct below.
Viêt Nam
Zimbabwe
Finlande
Îles Salomon
Pakistan
Indonésie
Israël
Afrique du Sud
Turquie
Allemagne
Honduras
Canada
 
Statistiques - réponses
Réponse % Correct
Helsinki Finlande
79%
Jérusalem Israël
76%
Islamabad Pakistan
73%
Hanoï Viêt Nam
72%
Jakarta Indonésie
71%
Harare Zimbabwe
56%
Honiara Îles Salomon
54%
Aucun quiz correspondant
Distribution des résultats
% des personnes avec chaque résultat
Percentile par nombre de réponses
Votre historique - résultats
Vous n’avez pas pris ce quiz